Timely topic (0 8384 4200 5)

Sparad:
Bibliografiska uppgifter
Huvudupphovsman: PATRIC J AQUILINA
Materialtyp: Bok
Språk:Undetermined
Publicerad: Heinle and Heinle 1998
Taggar: Lägg till en tagg
Inga taggar, Lägg till första taggen!
Thư viện lưu trữ: Trung tâm Học liệu Trường Đại học Cần Thơ
LEADER 00396nam a2200145Ia 4500
001 CTU_49234
008 210402s9999 xx 000 0 und d
082 |a 428.24 
082 |b A656 
100 |a PATRIC J AQUILINA 
245 0 |a Timely topic (0 8384 4200 5) 
245 0 |c PATRIC J AQUILINA 
260 |b Heinle and Heinle 
260 |c 1998 
980 |a Trung tâm Học liệu Trường Đại học Cần Thơ